00514nam a2200157Ia 4500003000900000008004100009020001800050040001600068080002100084100002300105245010200128250001200230260005300242300002300295650003800318IN-BaIIA211028s9999 xx 000 0 eng d a0-89766-802-2 cIIA Library a524:519.216bSTO aBuchler, J. Robert 0aStochastic processes in astrophysicscJ. Robert Buchler  a8th ed. aNew YorkbThe New York Academy of Sciencesc1993 a[various pagings.] aStochastic processes astrophysics